| 000 | 00852nam a2200217 a 4500 | ||
|---|---|---|---|
| 001 | 000295532 | ||
| 003 | AM-YeHGA | ||
| 005 | 20250618071920.0 | ||
| 008 | 031218s1983 ai ||||gr|||||||||0|arm|d | ||
| 040 | _aAM-YeHGA | ||
| 041 | 0 | _aarm | |
| 100 | 1 | _aՍարգսյան, Վահան Սաֆարի | |
| 245 | 1 | 0 |
_aԱնցյալի արահետով : _b[Ակնարկ] / _cՎ.Ս. Սարգսյան ; Գրախոս.՝ Ե. Խալեյան ; Խմբ.՝ Լ.Տ. Սարգսյան. |
| 260 |
_aԵրևան : _bՍովետական գրող, _c1983. |
||
| 300 |
_a158 էջ : _b2 ներդ. թ. լուսանկ. ; _c16 սմ. |
||
| 650 | 1 | 4 |
_aՊատմություն _zՍՍՀՄ _vԱկնարկ |
| 700 | 1 |
_aԽալեյան, Ե. _eգրախոս. _4rev |
|
| 700 | 1 |
_aՍարգսյան, Լիպարիտ Տիգրանի, _d1938-2023 _eխմբ. _4edt _91060 |
|
| 942 |
_2udc _cBK |
||
| 090 | _c109747 | ||
| 999 |
_c108419 _d108419 |
||